000 00666nam a2200229Ia 4500
003 OSt
005 20220924121457.0
006 a|||||r|||| 00| 0
007 ta
008 220923b |||||||| |||| 00| 0 tel d
024 _a333328
037 _cTextual
040 _aARTS
_cARTS
_btel
041 _2tel
_atel
082 _aO35,1N31,1:g, N6;N8.1.-2
100 _aReddy C.Narayana
_9185999
245 0 _aPatalo emundi na matalo emundi
260 _aHyderabad
_bVislaandhra Publishing House India
_c1998
650 _aTELUGU POETRY
942 _hO35,1N31,1:g, N6;N8.1.-2
_cTEXL
_2CC
999 _c407641
_d407641